Assassinato de um Herói (Registo nº 6004)

Detalhes MARC
000 -Etiqueta do registo
Valores 01406cam a22001931 04500
100 ## - Dados gerais de processamento
Dados gerais 20211231d1974 m||y0pory50030103ba
200 1# - Titulo e menção de responsabilidade
Título próprio Assassinato de um Herói
Primeira menção de responsabilidade Mariano Robles Romero-Robledo, José António Novais
210 #9 - Publicação
Local de publicação Lisboa
Nome do editor Liber
Data de publicação [D.L. 1974]
215 ## - Descrição física 
Paginação / Volumes 271 p.
Outras indicações físicas il.
330 ## - Sumário ou Resumo
Texto da nota oi um dos que ficou pelo caminho com o seu sangue a argamassar a resistência portuguesa que haveria de explodir em triunfo só em 25 de Abril deste ano. Pode falar-se à vontade dele e dos que o mataram e estes responderão pelo crime. Na opinião pública já há muito foram condenados e execrados. E enquanto não comparecerem perante o tribunal os criminosos, livros como este de Mariano Robles e José António Novais narram os meandros de uma fase da luta de reconquista das liberdades durante o último meio século de vida carcerária. Bem triste sina a da nossa geração onde os crimes como o que vitimou Humberto Delgado forem correntes. São os marcos miliários desta penosa viasacra da nossa História contemporânea.<br/>Obra ilustrada com diversas fotografias e cópias de documentos.
606 ## - Nome comum usado como assunto
ID Autoridade 392
Palavra de ordem História de Portugal
Subdivisão cronológica Idade Contemporânea
675 ## - CDU
Notação 94(469)
Edição med
Língua por
700 ## - Autor principal (pessoa individual)
Apelido Romero-Robledo
Nome Mariano Robles
Datas 1910-1976
ID Autoridade 5683
701 ## - Co-autor principal (pessoa individual)
Apelido Novais
Nome José António
ID Autoridade 5684
Datas 1962-
801 #0 - Fonte de origem
País PT
Agência BMVN
Regras de catalogação RPC
830 ## - Notas gerais do catalogador
Criado por Inês Silva
Data de criação 31/12/2021
990 ## - Elementos KOHA
Tipo de documento Livro
Exemplares
Situação do levantamento Biblioteca de origem Código de barras Cota Permissão de empréstimo Tipo de documento Forma de aquisição
  Biblioteca Municipal de Vendas Novas 100000023491 HP CON/HUM   Livro  

Powered by Koha